| Tag |
First Indicator |
Second Indicator |
Subfields |
| LEADER |
00000cam a2200000 a 4500 |
| 001 |
in00000073956 |
| 005 |
20151008060106.0 |
| 008 |
800619s1980 waua b s00110 engm |
| 010 |
|
|
|a 80117097
|
| 035 |
|
|
|a (OCoLC)06488498
|
| 035 |
|
|
|9 AAJ5111AM
|
| 040 |
|
|
|a DLC
|c DLC
|d m.c.
|d TXA
|d UtOrBLW
|
| 049 |
|
|
|a TXAM
|c [1196357]
|
| 050 |
0 |
0 |
|a LB1028.5
|b .A743 1980
|
| 082 |
0 |
|
|a 371.3/9445
|
| 110 |
2 |
|
|a Association for the Development of Computer-Based Instructional Systems.
|
| 245 |
1 |
0 |
|a Computer-based instruction, a new decade :
|b 1980 conference proceedings, March 31, 1980-April 3, 1980, Washington, D.C. /
|c Association for the Development of Computer-Based Instructional Systems.
|
| 264 |
|
1 |
|a Bellingham, Wash. :
|b ADCIS, Western Washington University,
|c [1980]
|
| 264 |
|
4 |
|c ©1980
|
| 300 |
|
|
|a 258 pages, 46 unnumbered pages :
|b illustrations ;
|c 27 cm.
|
| 336 |
|
|
|a text
|b txt
|2 rdacontent
|
| 337 |
|
|
|a unmediated
|b n
|2 rdamedia
|
| 338 |
|
|
|a volume
|b nc
|2 rdacarrier
|
| 500 |
|
|
|a Cover title.
|
| 500 |
|
|
|a Spine title: 1980 conference proceedings.
|
| 504 |
|
|
|a Includes bibliographical references and index.
|
| 650 |
|
0 |
|a Computer-assisted instruction.
|
| 740 |
0 |
|
|a 1980 conference proceedings.
|
| 999 |
|
|
|a MARS
|
| 999 |
f |
f |
|s d9bfca72-ca0b-3787-b29e-6ab621198e09
|i c3e26f88-97e8-3591-a9a4-d634be0cb0f2
|t 0
|
| 952 |
f |
f |
|p ric
|a Texas A&M University
|b Rellis Campus
|c Joint Library Facility
|d Remote Storage
|t 0
|e LB1028.5 .A743 1980
|h Library of Congress classification
|i unmediated -- volume
|m A14806159587
|
| 998 |
f |
f |
|a LB1028.5 .A743 1980
|t 0
|l Remote Storage
|